00478nam a22001337a 4500008004100000020001500041082001200056100002000068245006600088260005600154300002100210500005600231650005700287210304b ||||| |||| 00| 0 eng d a8172245882 a616 FRI aFriedberg, Fred aCoping with chronic fatigue syndrome : nine things you can do aOakland, CA : bNew Harbinger Publications, c1997. a 166 p. c23 cm. aIncludes bibliographical references (p. [163]-166). aChronic fatigue syndrome. Fatigue. Chronic diseases.